00843cam a22002651 450000100060000000300080000600500170001400800390003103500190007003500180008904000400010704100080014708200220015510000180017724500790019526000390027430000210031349000290033450400540036350400200041765100550043765100550049283000100054783000200055724984BD-RjUL20211209050820.0140315s1965 enk b 001 0 eng a(BD-RjUL)25053 a(OCoLC)400990 aDLCcODaWUdOCoLCdUkdBD-RjULbeng aeng00a941.075bGAR 19651 aGash, Norman.10aReaction and reconstruction in English politics, 1832-1852 /cNorman Gash. aOxford :bClarendon Press,cc1965. a227 p. ;c22 cm.1 aThe Ford lectures,v1964 aBibliography: p. [219] Bibliographical footnotes. aIncludes index. 0aGreat BritainxPolitics and governmenty1830-1837. 0aGreat BritainxPolitics and governmenty1837-1901. 0v1964. 0aFord lectures ;